01274cam a2200277 450000100060000000300080000600500170001400800410003102000150007203500190008704000390010604100080014508200230015311101180017624501960029426000390049030000350052950001380056450400380070265000280074065000560076865000380082470000660086270000310092871000370095912432BD-RjUL20211208235307.0140128s1970 nyua b 101 0 eng d a0124406505 a(BD-RjUL)12481 aDLCcDLCdICUdDLCd(BD-RjUL)beng aeng00a612.0144bPHY 19702 aSymposium on Physiological Characterization of Health Hazards in Man's Environmentd(1966 :cBretton Woods, N.H.)10aPhysiology, environment, and man :bbased on a symposium conducted by the National Academy of Sciences-National Research Council, August, 1966 /cEdited by Douglas H. K. Lee and David Minard. aNew York :bAcademic Press,c1970. axv, 239 p. :billus. ;c25 cm. a"These proceedings have appeared, in part, in the October number (nos. 5-6, vol. 2, 1969) of the periodical Environmental research." aIncludes bibliographies and Index 0aPhysiologyxCongresses. 0aHuman beingsxEffect of environment onvCongresses. 0aAdaptation (Biology)vCongresses.1 aLee, Douglas H. K.q(Douglas Harry Kedgwin),d1905-2005,eed.1 aMinard, David,d1913-eed.2 aNational Research Council (U.S.)